Труды Южного научного центра Российской академии наук. Т. 9: Исследования молодых ученых ЮНЦ РАН (Запись № 12964455)

Подробности
000 -МАРКЕР
контрольное поле 03144nam2a2200433 4500
001 - ИДЕНТИФИКАТОР ЗАПИСИ
контрольное поле RU\NLR\BIBL_A\012728522
005 - ИДЕНТИФИКАТОР ВЕРСИИ
контрольное поле 20220609111902.0
010 ## - МЕЖДУНАРОДНЫЙ СТАНДАРТНЫЙ НОМЕР КНИГИ (ISBN)
Номер (ISBN) 978-5-4358-0221-4
Тираж 300
021 ## - НОМЕР ГОСУДАРСТВЕННОЙ РЕГИСТРАЦИИ
Код страны Российская Федерация
Номер КН-П-21-081227
Номер Листа государственной регистраци КН-П-21-6471
035 ## - ДРУГИЕ СИСТЕМНЫЕ НОМЕРА
Идентификатор записи (NLR Aleph) 012728522
100 ## - ДАННЫЕ ОБЩЕЙ ОБРАБОТКИ
Данные общей обработки 20220314d2021 k y0rusy50 ca
101 0# - ЯЗЫК РЕСУРСА
Язык текста, звукозаписи и т.д. русский
Язык резюме английский
Язык оглавления русский
-- английский
102 ## - СТРАНА ПУБЛИКАЦИИ ИЛИ ПРОИЗВОДСТВА
Страна публикации Российская Федерация
105 ## - ПОЛЕ КОДИРОВАННЫХ ДАННЫХ: ТЕКСТОВЫЕ МАТЕРИАЛЫ, МОНОГРАФИЧЕСКИЕ
Кодированные данные о монографическом текстовом документе |||z|||100zy
200 1# - ЗАГЛАВИЕ И СВЕДЕНИЯ ОБ ОТВЕТСТВЕННОСТИ
Основное заглавие Исследования молодых ученых ЮНЦ РАН
Параллельное заглавие Research by young scientists of the SSC RAS
Сведения, относящиеся к заглавию сборник статей по итогам конкурса на лучшие проекты, который был объявлен в конце 2018 г.
Первые сведения об ответственности ответственный редактор тома: доктор географических наук С.В. Бердников
Язык параллельного заглавия английский
210 ## - ПУБЛИКАЦИЯ, РАСПРОСТРАНЕНИЕ И ДР.
Дата издания, распространения и т.д. 2021
215 ## - ФИЗИЧЕСКАЯ ХАРАКТЕРИСТИКА
Специфическое обозначение материала и объем 199 с.
Другие сведения о физической характеристике ил., табл., цв. ил.
300 ## - ОБЩИЕ ПРИМЕЧАНИЯ
Текст примечания На обороте тит. с. и обл.: ISSN 1993-6621
300 ## - ОБЩИЕ ПРИМЕЧАНИЯ
Текст примечания Рез. англ.
320 ## - ПРИМЕЧАНИЯ О НАЛИЧИИ В ДОКУМЕНТЕ БИБЛИОГРАФИИ / УКАЗАТЕЛЯ
Текст примечания Библиогр. в конце ст.
461 #0 - УРОВЕНЬ НАБОРА
Встроенное поле 001RU\NLR\bibl\1116190
-- 2001#$aТруды Южного научного центра Российской академии наук$dStudies of the Southern scientific centre of the Russian academy of sciences$f[Рос. акад. наук, Юж. науч. центр]$gгл. ред.: акад. Г.Г. Матишов$zeng$vТ. 9
Системный номер (АБИС) связанной записи 1191307
Автор Российская академия наук. Южный научный центр
Место публикации Ростов-на-Дону
Дата публикации 2007
Первые сведения об ответственности [Рос. акад. наук, Юж. науч. центр]
Параллельное заглавие Studies of the Southern scientific centre of the Russian academy of sciences
Имя издателя, распространителя и т.д. Изд-во ЮНЦ РАН
Заглавие Труды Южного научного центра Российской академии наук
Номер тома Т. 9
510 1# - ПАРАЛЛЕЛЬНОЕ ЗАГЛАВИЕ
Параллельное заглавие Research by young scientists of the SSC RAS
Язык заглавия английский
606 1# - НАИМЕНОВАНИЕ ТЕМЫ КАК ПРЕДМЕТ
Наименование темы Материаловедение
Формальный подзаголовок Сборники
Системный номер авторитетной/нормативной записи 1112107
Идентификатор авторитетной/нормативной записи RU\NLR\AUTH\66119709
606 1# - НАИМЕНОВАНИЕ ТЕМЫ КАК ПРЕДМЕТ
Наименование темы Биотехнология
Формальный подзаголовок Сборники
Системный номер авторитетной/нормативной записи 1151883
Идентификатор авторитетной/нормативной записи RU\NLR\AUTH\66141721
606 1# - НАИМЕНОВАНИЕ ТЕМЫ КАК ПРЕДМЕТ
Наименование темы Биология
Формальный подзаголовок Сборники
Системный номер авторитетной/нормативной записи 896131
Идентификатор авторитетной/нормативной записи RU\NLR\AUTH\664781
606 1# - НАИМЕНОВАНИЕ ТЕМЫ КАК ПРЕДМЕТ
Наименование темы Общественные науки
Формальный подзаголовок Сборники
Системный номер авторитетной/нормативной записи 1112139
Идентификатор авторитетной/нормативной записи RU\NLR\AUTH\66119728
686 1# - ИНДЕКСЫ ДРУГИХ КЛАССИФИКАЦИЙ
Индекс Е.я43
686 1# - ИНДЕКСЫ ДРУГИХ КЛАССИФИКАЦИЙ
Индекс Ж3я43
686 1# - ИНДЕКСЫ ДРУГИХ КЛАССИФИКАЦИЙ
Индекс Л67я43
686 1# - ИНДЕКСЫ ДРУГИХ КЛАССИФИКАЦИЙ
Индекс С.я431
702 #1 - ИМЯ ЛИЦА - ВТОРИЧНАЯ ОТВЕТСТВЕННОСТЬ
Начальный элемент ввода Бердников
Часть имени, кроме начального элемента ввода С. В.
Расширение инициалов личного имени Сергей Владимирович
Код отношения Редактор
711 02 - НАИМЕНОВАНИЕ ОРГАНИЗАЦИИ - АЛЬТЕРНАТИВНАЯ ОТВЕТСТВЕННОСТЬ
Начальный элемент ввода Российская академия наук
Структурное подразделение Южный научный центр
-- Конкурс на лучшие проекты, выполняемые молодыми учеными
Место проведения временной организации Ростов-на-Дону
Дата проведения временной организации 2018
Системный номер авторитетной/нормативной записи 789810
Идентификатор авторитетной/нормативной записи RU\NLR\AUTH\880561311
711 02 - НАИМЕНОВАНИЕ ОРГАНИЗАЦИИ - АЛЬТЕРНАТИВНАЯ ОТВЕТСТВЕННОСТЬ
Начальный элемент ввода Российская академия наук
Структурное подразделение Южный научный центр
-- Научная сессия молодых ученых
Место проведения временной организации Ростов-на-Дону
Дата проведения временной организации 2018
Системный номер авторитетной/нормативной записи 789814
Идентификатор авторитетной/нормативной записи RU\NLR\AUTH\880561313
942 ## - ДОПОЛНИТЕЛЬНЫЕ ЭЛЕМЕНТЫ ЗАПИСИ (АБИС)
Тип экземпляра АБИС Книга
980 ## - КОЛЛЕКЦИЯ
Название коллекции Национальная библиография
Экземпляры
Тип экземпляра Дата поступления Источник поступления Библиотека постоянного хранения Библиотека текущего хранения Место хранения Шифр хранения Штрих-код Статус экземпляра
Книга 14.03.2022 Обязательный экземпляр РНБ (Московский) РНБ (Московский) Русский книжный фонд: издания с 1957 года 2007-7/3629 1-3715561  
Книга 14.03.2022 Обязательный экземпляр РНБ (Московский) РНБ (Московский) Русский книжный фонд: издания с 1957 года 2007-7/3629 1-3715557